000 00876nam a2200193 a 4500
008 120416s1982 ||||||||||||||||| || u
020 _a8170223261
050 _aHD 111 Man
100 _aMandal, R. B
245 1 0 _aLand utilization
246 _atheory and practice
260 _aNew Delhi
_bConcept publications company
_c1982
350 _a0.00
650 _aLAND ECONOMY
650 _aLAND
995 _aANNEX COLLECTION (Main Library)
_D0.00
_e732387
_FCBU-MAIN LIBRARY (Kitwe)
_H3
_I25.00
_jHD 111 Man
_M3
_UAVAILABLE
_y029540
_ZAnnex Low-Usage Collection
995 _aANNEX COLLECTION (Main Library)
_D0.00
_e732385
_FCBU-MAIN LIBRARY (Kitwe)
_H1
_I25.00
_jHD 111 Man
_M1
_UAVAILABLE
_y029538
_ZAnnex Low-Usage Collection
995 _aANNEX COLLECTION (Main Library)
_D0.00
_e732386
_FCBU-MAIN LIBRARY (Kitwe)
_H2
_I25.00
_jHD 111 Man
_M2
_UAVAILABLE
_y029539
_ZAnnex Low-Usage Collection
999 _c80598
_d80598